Language Quiz

Random Language or German Quiz

GER 321 Vocab 11 Trivia Quiz Stats

 Plays Quiz not verified by Sporcle

Score 0/18 Timer 10:00
0 Plays Today
German English % Correct
das Röntgenbild (er)x-ray
90.9%
der Kunde (n)customer
81.8%
die Veränderung (en)change
81.8%
die Buchhaltungaccounting
81.8%
sich an etwas gewöhnento get used to
72.7%
das Gut, die Gütergoods
63.6%
sich ereignento happen
63.6%
die Aktiengesellschaft (en)stock company
54.5%
sich intensivierento intensify
54.5%
German English % Correct
inzwischenin the meantime
54.5%
fähig seinto be capable
54.5%
der Konkurrent (en)competition
54.5%
die Steuerklärung (en)tax refund
54.5%
auslagernto source out
54.5%
Geschäfte mit jemanden machento trade with
45.5%
beschäftigt sein mitto be occupied with
45.5%
anspruchsvollsophisticated
45.5%
die Arbeitsteilungdivision of labor
45.5%

You're not logged in!

Compare scores with friends on all Sporcle quizzes.
OR
Log In

Show Comments

Extras

Created Feb 24, 2012ReportNominate
Tags:German Quiz, economics, sheet, study, term

Top Quizzes Today


Score Distribution

Your Account Isn't Verified!

In order to create a playlist on Sporcle, you need to verify the email address you used during registration. Go to your Sporcle Settings to finish the process.

Report this User

Report this user for behavior that violates our Community Guidelines.

Details: